[Event "Zagreb-ch Seniors"]
[Site "Zagreb"]
[Date "2019.09.11"]
[Round "8"]
[White "Harapin, Bozidar"]
[Black "Kinez, Ivo"]
[Result "0-1"]
[WhiteElo "1714"]
[BlackElo "2072"]
[PlyCount "56"]
[EventDate "2019.09.02"]
[EventType "swiss"]
[EventRounds "9"]
[EventCountry "CRO"]
[SourceTitle "EXT 2020"]
[Source "ChessBase"]
[SourceDate "2019.10.17"]
[SourceVersion "1"]
[SourceVersionDate "2019.10.17"]
[SourceQuality "1"]

1. e4 c5 2. Nf3 d6 3. d4 cxd4 4. Nxd4 Nf6 5. Bd3 Nc6 6. c3 g6 7. h3 Bg7 8. Nf3 0-0 9. Be3 Qc7 10. Nbd2 a6 11. Nb3 b5 12. Rc1 Bb7 13. Nbd4 Ne5 14. Ng5 Nxd3+ 15. Qxd3 Qd7 16. f3 e5 17. Nb3 h6 18. h4 hxg5 19. hxg5 Nh7 20. Kf2 Qe7 21. Rxh7 Kxh7 22. Rh1+ Kg8 23. f4 exf4 24. Bd4 Qxg5 25. Bxg7 Kxg7 26. Rh3 Rh8 27. Na5 Rxh3 28. Qd4+ Qe5 0-1

[Event "Zagreb-ch Seniors"]
[Site "Zagreb"]
[Date "2019.09.05"]
[Round "4"]
[White "Golemovic, Tvrtko"]
[Black "Kinez, Ivo"]
[Result "0-1"]
[WhiteElo "1713"]
[BlackElo "2072"]
[PlyCount "104"]
[EventDate "2019.09.02"]
[EventType "swiss"]
[EventRounds "9"]
[EventCountry "CRO"]
[SourceTitle "EXT 2020"]
[Source "ChessBase"]
[SourceDate "2019.10.17"]
[SourceVersion "1"]
[SourceVersionDate "2019.10.17"]
[SourceQuality "1"]

1. d4 Nf6 2. Nf3 d5 3. c4 c6 4. e3 g6 5. Nc3 Bg7 6. Bd3 0-0 7. 0-0 e6 8. b3 Re8 9. Bb2 a5 10. a3 b6 11. Ne2 Nbd7 12. Ng3 Bb7 13. cxd5 exd5 14. b4 Ne4 15. Qc2 f5 16. Rfe1 h5 17. Rac1 h4 18. Nf1 Qe7 19. b5 Rac8 20. bxc6 Rxc6 21. Qe2 Rec8 22. Rxc6 Rxc6 23. Rc1 Rxc1 24. Bxc1 Bf6 25. Qc2 Qd6 26. Bb5 Nf8 27. N3d2 Ne6 28. Nxe4 fxe4 29. f4 g5 30. g3 gxf4 31. gxf4 Kf8 32. a4 Be7 33. h3 Ng7 34. Qe2 Bc8 35. Kh2 Qe6 36. Qg2 Qd6 37. Qc2 Qe6 38. Qg2 Nf5 39. Bd2 Qd6 40. Be1 Nxe3 41. Nxe3 Qxf4+ 42. Kh1 Qxe3 43. Qf1+ Kg7 44. Qg2+ Kh7 45. Bf2 Qxh3+ 46. Qxh3 Bxh3 47. Bc6 Be6 48. Be3 Bd8 49. Bf4 Bf6 50. Be3 Kg6 51. Kh2 Bg5 52. Be8+ Kf5 0-1

[Event "Zagreb Damjanovic Memorial 2nd"]
[Site "Zagreb"]
[Date "2018.07.23"]
[Round "9"]
[White "Kinez, Ivo"]
[Black "Bender, Ivan"]
[Result "0-1"]
[WhiteElo "2019"]
[BlackElo "2285"]
[PlyCount "120"]
[EventDate "2018.07.16"]
[EventType "swiss"]
[EventRounds "9"]
[EventCountry "CRO"]
[SourceTitle "EXT 2019"]
[Source "ChessBase"]
[SourceDate "2018.10.10"]
[SourceVersion "1"]
[SourceVersionDate "2018.10.10"]
[SourceQuality "1"]

1. e4 e5 2. Nf3 Nc6 3. Bb5 a6 4. Ba4 Nf6 5. 0-0 Be7 6. Re1 b5 7. Bb3 0-0 8. a4 Bb7 9. c3 d6 10. d4 Na5 11. Bc2 Nd7 12. Nbd2 c5 13. d5 c4 14. axb5 axb5 15. Nf1 Nc5 16. Be3 Qc7 17. N1d2 f5 18. Bxc5 Qxc5 19. exf5 Bxd5 20. Be4 Bc6 21. Qc2 h6 22. Bxc6 Qxc6 23. Rad1 Rae8 24. g4 Bf6 25. Ne4 d5 26. Nxf6+ gxf6 27. Qd2 h5 28. Qh6 Re7 29. Qxh5 Rh7 30. Qg6+ Rg7 31. Qh5 Nb3 32. Qh3 Nc5 33. Rd2 Nd3 34. Red1 Ra8 35. Qg3 Ra2 36. Rb1 Qa8 37. Kg2 Nf4+ 38. Kf1 Ra1 39. Rdd1 Rxb1 40. Rxb1 Qa2 41. Nd2 Nd3 42. Qh4 Qa6 43. Qh5 Qa8 44. f3 Nf4 45. Qh4 Qa6 46. Qf2 Rh7 47. h4 Nd3 48. Qg3 Qa7 49. h5 Qe3 50. Qg2 Ra7 51. Qe2 Qf4 52. Kg2 Qg5 53. Kg1 Nf4 54. Qh2 Rh7 55. Ra1 Rxh5 56. Ra8+ Kf7 57. Ra7+ Ke8 58. Ra8+ Kd7 59. Ne4 Nh3+ 60. Kg2 dxe4 0-1

[Event "Zagreb Damjanovic Memorial 2nd"]
[Site "Zagreb"]
[Date "2018.07.19"]
[Round "4"]
[White "Pandurevic, Miro"]
[Black "Kinez, Ivo"]
[Result "1-0"]
[WhiteElo "2286"]
[BlackElo "2019"]
[PlyCount "63"]
[EventDate "2018.07.16"]
[EventType "swiss"]
[EventRounds "9"]
[EventCountry "CRO"]
[SourceTitle "EXT 2019"]
[Source "ChessBase"]
[SourceDate "2018.10.10"]
[SourceVersion "1"]
[SourceVersionDate "2018.10.10"]
[SourceQuality "1"]

1. e4 c5 2. Nf3 d6 3. d4 cxd4 4. Nxd4 Nf6 5. Nc3 a6 6. Be2 e6 7. g4 Be7 8. Rg1 Nc6 9. Be3 h6 10. h4 Nh7 11. g5 hxg5 12. hxg5 g6 13. Qd2 Nf8 14. 0-0-0 Bd7 15. f4 Qc7 16. f5 gxf5 17. exf5 d5 18. g6 fxg6 19. fxe6 Bxe6 20. Nxe6 Nxe6 21. Nxd5 Qe5 22. Nxe7 Nxe7 23. Bb6 Qf4 24. Bg4 Rh2 25. Qxf4 Nxf4 26. Bc7 Rf2 27. Rge1 Kf7 28. Rd7 Re8 29. Bd6 Nfd5 30. Be6+ Kf6 31. Bxd5 Nxd5 32. Rxe8 1-0

[Event "Velika Gorica op 12th"]
[Site "Velika Gorica"]
[Date "2014.08.27"]
[Round "8"]
[White "Kinez, Ivo"]
[Black "Stocko, Josip"]
[Result "0-1"]
[WhiteElo "2050"]
[BlackElo "2241"]
[PlyCount "100"]
[EventDate "2014.08.18"]
[EventType "swiss"]
[EventRounds "9"]
[EventCountry "CRO"]
[SourceTitle "EXT 2015"]
[Source "ChessBase"]
[SourceDate "2014.11.20"]
[SourceVersion "1"]
[SourceVersionDate "2014.11.20"]
[SourceQuality "1"]

1. e4 c5 2. Nf3 d6 3. d4 cxd4 4. Nxd4 Nf6 5. Nc3 a6 6. Be3 e6 7. f3 b5 8. g4 Bb7 9. g5 Nfd7 10. Qd2 Nb6 11. 0-0-0 N8d7 12. Bd3 Rc8 13. Kb1 Ne5 14. Qe1 Nec4 15. Bxc4 Nxc4 16. Bc1 Qc7 17. Ka1 Nb6 18. a3 Nc4 19. Rd3 Be7 20. h4 Qa5 21. Nb3 Qb6 22. f4 a5 23. Na2 b4 24. Rhh3 Ba6 25. axb4 axb4 26. Qxb4 Qxb4 27. Nxb4 Bb7 28. Rc3 Bxe4 29. Kb1 Bf5 30. Rhg3 d5 31. Nd3 Kd7 32. Nd4 Bg6 33. b3 Bxd3 34. Rgxd3 Nd6 35. Nf3 f6 36. Rxc8 Rxc8 37. Bb2 Ke8 38. Re3 Kf7 39. Re2 Nf5 40. Nd4 Nxd4 41. Bxd4 Bd6 42. Rf2 Kg6 43. Kb2 Kf5 44. Bc3 Bc5 45. Rf1 Be3 46. b4 Rc4 47. b5 Rc5 48. gxf6 gxf6 49. Bb4 Rxb5 50. Kc3 Bd2+ 0-1

[Event "Velika Gorica op 12th"]
[Site "Velika Gorica"]
[Date "2014.08.21"]
[Round "4"]
[White "Nemec, Vjekoslav"]
[Black "Kinez, Ivo"]
[Result "1-0"]
[WhiteElo "2082"]
[BlackElo "2050"]
[PlyCount "85"]
[EventDate "2014.08.18"]
[EventType "swiss"]
[EventRounds "9"]
[EventCountry "CRO"]
[SourceTitle "EXT 2015"]
[Source "ChessBase"]
[SourceDate "2014.11.20"]
[SourceVersion "1"]
[SourceVersionDate "2014.11.20"]
[SourceQuality "1"]

1. e4 c5 2. Nf3 d6 3. Bb5+ Bd7 4. Bxd7+ Qxd7 5. 0-0 Nc6 6. c3 Nf6 7. Qe2 e5 8. Rd1 Rc8 9. Na3 Qg4 10. d3 h6 11. Nc4 g6 12. a4 Be7 13. a5 Qe6 14. h3 Rd8 15. Re1 Kf8 16. Nh2 Kg7 17. Nf1 Rhe8 18. Ng3 Bf8 19. Ne3 d5 20. h4 Kh7 21. h5 Bg7 22. Bd2 d4 23. Nc4 dxc3 24. Bxc3 Nxh5 25. Nxh5 gxh5 26. Ne3 Qg6 27. Nf5 Bf6 28. Qe3 Rg8 29. g3 h4 30. Kg2 c4 31. dxc4 hxg3 32. fxg3 Bg5 33. Qf3 Bf4 34. Rh1 Bg5 35. Rh3 Ne7 36. Nxh6 Bxh6 37. Rah1 Rd6 38. Rxh6+ Qxh6 39. Rxh6+ Rxh6 40. Bxe5 f6 41. Bxf6 Nc6 42. Qf5+ Rhg6 43. Qh5+ 1-0

[Event "Zagreb-ch"]
[Site "Zagreb"]
[Date "2012.11.15"]
[Round "7"]
[White "Kalajzic, Ivan"]
[Black "Kinez, Ivo"]
[Result "1-0"]
[WhiteElo "2224"]
[BlackElo "2123"]
[PlyCount "211"]
[EventDate "2012.11.05"]
[EventType "tourn"]
[EventRounds "11"]
[EventCountry "CRO"]
[SourceTitle "EXT 2014"]
[Source "ChessBase"]
[SourceDate "2013.11.20"]
[SourceVersion "1"]
[SourceVersionDate "2013.11.20"]
[SourceQuality "1"]

1. c4 e5 2. Nc3 Nf6 3. g3 d5 4. cxd5 Nxd5 5. Bg2 Nb6 6. Nf3 Nc6 7. 0-0 Be7 8. a3 Be6 9. b4 a6 10. d3 0-0 11. Bb2 f5 12. Na4 Nxa4 13. Qxa4 Bf6 14. Rfd1 Qe7 15. Qc2 Qf7 16. Nd2 Bd5 17. Bxd5 Qxd5 18. Qb3 Rad8 19. Rac1 Rf7 20. Rc5 Qxb3 21. Nxb3 g5 22. Rdc1 Be7 23. R5c4 h5 24. Nc5 Bxc5 25. Rxc5 Re8 26. R1c4 Ree7 27. a4 Nd4 28. Bxd4 exd4 29. Kf1 Rd7 30. h3 Kh7 31. b5 b6 32. Re5 axb5 33. axb5 Kg6 34. f4 h4 35. Kf2 hxg3+ 36. Kxg3 gxf4+ 37. Kxf4 Rh7 38. Rc6+ Kg7 39. Kg3 Rh5 40. Kf4 Rxh3 41. Kxf5 Rf7+ 42. Ke4 Rd7 43. Kf5 Rf7+ 44. Ke6 Rh1 45. Rg5+ Kf8 46. Rf5 Rxf5 47. Kxf5 Rh2 48. Rc2 Ke8 49. Ke5 Kd7 50. Kxd4 Rh5 51. Rb2 Kd6 52. e4 Rg5 53. Kc3 Rg3 54. Rh2 Rg5 55. Rh6+ Kd7 56. Kc4 Rc5+ 57. Kb4 Rc1 58. d4 Rc2 59. d5 Re2 60. Re6 Rc2 61. Rc6 Re2 62. Re6 Rc2 63. Rg6 Re2 64. Rg4 Rc2 65. e5 Rc5 66. e6+ Ke8 67. Rg8+ Ke7 68. Rg7+ Kd8 69. Rd7+ Kc8 70. Kb3 Rc1 71. Kb2 Rc4 72. Kb3 Rc1 73. Rh7 Kd8 74. Rh4 Rc5 75. Rh5 Rxb5+ 76. Kc4 Rb1 77. Rh8+ Ke7 78. Rh7+ Kd8 79. Rd7+ Kc8 80. Kd4 Re1 81. Rh7 Kd8 82. Kc4 Rc1+ 83. Kd4 Re1 84. Rh8+ Ke7 85. Rc8 Rd1+ 86. Ke4 Re1+ 87. Kd3 Rd1+ 88. Kc4 Rc1+ 89. Kd3 Rd1+ 90. Ke4 Re1+ 91. Kf3 Rf1+ 92. Ke2 Rc1 93. Rh8 Rc5 94. Rh7+ Kd8 95. Rd7+ Kc8 96. Ke3 Rc1 97. Kf4 b5 98. Rh7 Kd8 99. Ke5 b4 100. Rh4 Re1+ 101. Kd4 Rc1 102. Rh3 Ke7 103. Rh7+ Ke8 104. Rh8+ Ke7 105. Rb8 c5+ 106. Kd3 1-0

[Event "Zagreb-ch"]
[Site "Zagreb"]
[Date "2012.11.07"]
[Round "2"]
[White "Blazeka, Matej"]
[Black "Kinez, Ivo"]
[Result "1-0"]
[WhiteElo "2240"]
[BlackElo "2123"]
[PlyCount "59"]
[EventDate "2012.11.05"]
[EventType "tourn"]
[EventRounds "11"]
[EventCountry "CRO"]
[SourceTitle "EXT 2014"]
[Source "ChessBase"]
[SourceDate "2013.11.20"]
[SourceVersion "1"]
[SourceVersionDate "2013.11.20"]
[SourceQuality "1"]

1. e4 c5 2. Nf3 d6 3. d4 cxd4 4. Nxd4 Nf6 5. Nc3 g6 6. Be3 Bg7 7. f3 0-0 8. Qd2 Nc6 9. Bc4 Bd7 10. 0-0-0 Rc8 11. Bb3 Ne5 12. Kb1 Re8 13. g4 Nc4 14. Bxc4 Rxc4 15. h4 h5 16. gxh5 Nxh5 17. Rhg1 b5 18. Nce2 Qc8 19. Ng3 Nxg3 20. Rxg3 e5 21. Nb3 Be6 22. h5 d5 23. hxg6 f6 24. Qh2 Re7 25. exd5 Bf5 26. Rd2 Rec7 27. Rgg2 Qe8 28. Qh7+ Kf8 29. Bh6 Qd7 30. Qh8+ 1-0

[Event "CRO Cup 21st"]
[Site "Sibenik"]
[Date "2012.05.17"]
[Round "2.81"]
[White "Kinez, Ivo"]
[Black "Biti, Ozren"]
[Result "0-1"]
[WhiteElo "2092"]
[BlackElo "2404"]
[PlyCount "112"]
[EventDate "2012.05.16"]
[EventType "team-swiss"]
[EventRounds "6"]
[EventCountry "CRO"]
[SourceTitle "CBM 148 Extra"]
[Source "ChessBase"]
[SourceDate "2012.06.22"]
[SourceVersion "1"]
[SourceVersionDate "2012.06.22"]
[SourceQuality "1"]
[WhiteTeam "Zagreb Dalekovod"]
[BlackTeam "Varazdin"]
[WhiteTeamCountry "CRO"]
[BlackTeamCountry "CRO"]

1. e4 c5 2. Nf3 Nc6 3. d4 cxd4 4. Nxd4 d5 5. Nxc6 bxc6 6. exd5 Qxd5 7. Nc3 Qxd1+ 8. Nxd1 e5 9. Bd3 f5 10. 0-0 Be6 11. f3 Bc5+ 12. Be3 Bd6 13. c4 Nf6 14. Nc3 0-0 15. Rac1 e4 16. Be2 exf3 17. gxf3 Rfe8 18. Rfd1 Bc7 19. Bf2 Nh5 20. b3 a5 21. Bf1 g5 22. Ne2 Re7 23. Nd4 Bd7 24. Re1 Rae8 25. c5 Be5 26. Bc4+ Kf8 27. Ne2 Bf6 28. Red1 Be6 29. Nd4 Bxd4 30. Rxd4 Bxc4 31. Rdxc4 Nf4 32. R1c2 Re2 33. Kf1 Rxc2 34. Rxc2 Nd5 35. Rc4 Rb8 36. Ke2 a4 37. bxa4 Rb2+ 38. Kf1 Rxa2 39. h4 h6 40. hxg5 hxg5 41. Kg1 Ra1+ 42. Kh2 Kf7 43. Kg3 Ra2 44. Bd4 Kg6 45. Bg1 f4+ 46. Kh3 Kf5 47. Bd4 Rd2 48. Bg1 Ra2 49. Bd4 Ra3 50. Kg2 g4 51. fxg4+ Kxg4 52. Kf2 Ra2+ 53. Ke1 Kf3 54. Kd1 Ne3+ 55. Bxe3 fxe3 56. Rc1 Kf2 0-1

[Event "Zagreb op-B"]
[Site "Zagreb"]
[Date "2012.03.06"]
[Round "2"]
[White "Medancic, Rikard"]
[Black "Kinez, Ivo"]
[Result "1/2-1/2"]
[WhiteElo "2252"]
[BlackElo "2086"]
[PlyCount "37"]
[EventDate "2012.03.05"]
[EventType "swiss"]
[EventRounds "9"]
[EventCountry "CRO"]
[SourceTitle "CBM 147 Extra"]
[Source "ChessBase"]
[SourceDate "2012.04.24"]
[SourceVersion "1"]
[SourceVersionDate "2012.04.24"]
[SourceQuality "1"]

1. d4 Nf6 2. Nf3 d5 3. g3 g6 4. Bg2 Bg7 5. 0-0 0-0 6. Bf4 Nbd7 7. Qc1 c5 8. dxc5 Nxc5 9. Rd1 Qb6 10. Be5 Ng4 11. Bxg7 Kxg7 12. e3 Ne4 13. Rf1 Bd7 14. h3 Ngf6 15. Nbd2 Rac8 16. Nxe4 dxe4 17. Nd2 Qe6 18. c4 b5 19. b3 1/2-1/2

[Event "CRO-chT4 Center-A"]
[Site "Zagreb"]
[Date "2011.04.10"]
[Round "5.32"]
[White "Mrnjec, Antun"]
[Black "Kinez, Ivo"]
[Result "1-0"]
[WhiteElo "2061"]
[BlackElo "2141"]
[PlyCount "97"]
[EventDate "2011.03.13"]
[EventType "team-tourn"]
[EventRounds "7"]
[EventCountry "CRO"]
[SourceTitle "EXT 2014"]
[Source "ChessBase"]
[SourceDate "2013.11.20"]
[SourceVersion "1"]
[SourceVersionDate "2013.11.20"]
[SourceQuality "1"]

1. d4 Nf6 2. Nf3 d5 3. c4 g6 4. Nc3 Bg7 5. Bf4 0-0 6. e3 c6 7. Be2 e6 8. h3 a5 9. c5 b5 10. cxb6 Qxb6 11. Qd2 c5 12. Na4 Qa7 13. Nxc5 Ne4 14. Nxe4 dxe4 15. Ne5 Rd8 16. Qc2 Bb7 17. 0-0 f6 18. Qc7 Rf8 19. Nd7 Rc8 20. Qd6 Rc6 21. Qe7 Nxd7 22. Qxd7 Qb6 23. Rac1 Rac8 24. Rxc6 Qxc6 25. Qe7 a4 26. b3 axb3 27. axb3 Re8 28. Qd6 Bf8 29. Qxc6 Bxc6 30. Bc4 g5 31. Bc7 Kf7 32. Ra1 Kg6 33. Ra6 Bd7 34. Bg3 h5 35. h4 gxh4 36. Bxh4 Bg7 37. Ra7 Bc6 38. Rc7 Bd5 39. Rd7 Rb8 40. Bg3 Rb6 41. Bd6 Bh6 42. Bc5 Rb8 43. Bxd5 exd5 44. b4 Ra8 45. b5 Ra1+ 46. Kh2 Rf1 47. b6 Rxf2 48. Bd6 Bxe3 49. b7 1-0

[Event "CRO-chT4 Center-A"]
[Site "Zagreb"]
[Date "2011.04.03"]
[Round "4.42"]
[White "Kinez, Ivo"]
[Black "Vukalovic, Zeljko"]
[Result "1-0"]
[WhiteElo "2141"]
[BlackElo "2018"]
[PlyCount "85"]
[EventDate "2011.03.13"]
[EventType "team-tourn"]
[EventRounds "7"]
[EventCountry "CRO"]
[SourceTitle "EXT 2014"]
[Source "ChessBase"]
[SourceDate "2013.11.20"]
[SourceVersion "1"]
[SourceVersionDate "2013.11.20"]
[SourceQuality "1"]

1. e4 e5 2. Nf3 Nc6 3. Bb5 a6 4. Ba4 Nf6 5. 0-0 Be7 6. Re1 b5 7. Bb3 d6 8. c3 0-0 9. h3 Nb8 10. d4 Nbd7 11. Nbd2 Bb7 12. Bc2 Re8 13. b3 Bf8 14. Bb2 g6 15. a4 Bg7 16. d5 Qe7 17. Qe2 bxa4 18. Rxa4 c6 19. dxc6 Bxc6 20. Rxa6 Bb7 21. Raa1 d5 22. Qb5 Nc5 23. Ba3 Rxa3 24. Rxa3 Nfxe4 25. Nxe4 dxe4 26. Nd2 e3 27. fxe3 Rd8 28. Nc4 Qg5 29. Re2 Bf3 30. Rf2 e4 31. b4 Ne6 32. Qxg5 Nxg5 33. gxf3 Nxh3+ 34. Kf1 Nxf2 35. Kxf2 exf3 36. Kxf3 h5 37. b5 g5 38. b6 Bf8 39. Ra5 Rc8 40. Rxg5+ Bg7 41. b7 Rb8 42. Be4 Kf8 43. Rc5 1-0

[Event "CRO-chT4A Center"]
[Site "Zagreb"]
[Date "2010.05.09"]
[Round "6.23"]
[White "Kinez, Ivo"]
[Black "Conjar, Velimir"]
[Result "1-0"]
[WhiteElo "2138"]
[BlackElo "1947"]
[PlyCount "132"]
[EventDate "2010.03.21"]
[EventType "team-tourn"]
[EventRounds "11"]
[EventCountry "CRO"]
[SourceTitle "EXT 2012"]
[Source "ChessBase"]
[SourceDate "2011.11.24"]
[SourceVersion "1"]
[SourceVersionDate "2011.11.24"]
[SourceQuality "1"]

1. e4 e6 2. d4 d5 3. Nc3 dxe4 4. Nxe4 Be7 5. Nf3 Nd7 6. Bd3 Ngf6 7. Nxf6+ Nxf6 8. 0-0 0-0 9. c3 b6 10. Ne5 Bb7 11. f4 c5 12. dxc5 Bxc5+ 13. Kh1 Ne4 14. Qe2 f5 15. Be3 Bd6 16. Rad1 Qe7 17. Nf3 Rad8 18. Ng5 Nxg5 19. fxg5 f4 20. Bxh7+ Kh8 21. Qh5 g6 22. Bxg6+ Kg8 23. Bf2 f3 24. g3 Bc5 25. Bd3 Rxd3 26. Qg6+ Qg7 27. Qxd3 Qxg5 28. b4 Bxf2 29. Rxf2 e5 30. h4 Qg4 31. Qd7 Bc8 32. Qd5+ Qe6 33. Qxe6+ Bxe6 34. Re1 Rf5 35. g4 Rf4 36. Rxe5 Bc4 37. Rg5+ Kh7 38. Kh2 Be2 39. Kg3 Rc4 40. Rf5 Rxc3 41. Rf7+ Kg6 42. Rxa7 Rc4 43. a3 Rc3 44. a4 Rb3 45. b5 Kf6 46. Ra6 Ke5 47. Rxb6 Rb1 48. Rb8 Rg1+ 49. Kh2 Rxg4 50. a5 Kf4 51. a6 Rxh4+ 52. Kg1 Rg4+ 53. Kh1 Ke3 54. Rh2 Rb4 55. Re8+ Kd2 56. Kg1 Ke1 57. Rhxe2+ fxe2 58. a7 Rg4+ 59. Kh2 Kf2 60. Rxe2+ Kxe2 61. a8Q Rb4 62. Qc6 Kd3 63. b6 Rh4+ 64. Kg3 Rh8 65. Qd5+ Kc2 66. Qc4+ Kb1 1-0

[Event "CRO-chT4A Center"]
[Site "Zagreb"]
[Date "2010.03.21"]
[Round "1.33"]
[White "Maravic, Stjepan"]
[Black "Kinez, Ivo"]
[Result "1-0"]
[WhiteElo "2165"]
[BlackElo "2138"]
[PlyCount "107"]
[EventDate "2010.03.21"]
[EventType "team-tourn"]
[EventRounds "11"]
[EventCountry "CRO"]
[SourceTitle "EXT 2012"]
[Source "ChessBase"]
[SourceDate "2011.11.24"]
[SourceVersion "1"]
[SourceVersionDate "2011.11.24"]
[SourceQuality "1"]

1. d4 Nf6 2. Nf3 d5 3. Bf4 g6 4. e3 Bg7 5. c3 0-0 6. Be2 b6 7. Nbd2 Bb7 8. Ne5 Nbd7 9. h4 c5 10. h5 e6 11. hxg6 fxg6 12. Bd3 Qe8 13. Ndf3 cxd4 14. cxd4 a6 15. Ng5 Nxe5 16. Bxe5 h6 17. Nf3 Ne4 18. Bxg7 Kxg7 19. Bxe4 dxe4 20. Ne5 Rc8 21. Qg4 Rc2 22. 0-0 h5 23. Qg3 Rf6 24. Rac1 Qc8 25. Rxc2 Qxc2 26. Nd7 Rf5 27. Qh4 Bd5 28. Qd8 Bxa2 29. Ne5 Qxb2 30. Qe8 Rxe5 31. dxe5 Qxe5 32. Rc1 Bd5 33. Qe7+ Kh6 34. Rc7 b5 35. Qf8+ Kg5 36. Rf7 h4 37. Qe7+ Kg4 38. Rf4+ Qxf4 39. exf4 Kxf4 40. Qxh4+ Kf5 41. Qh3+ Kf6 42. Qa3 Bb7 43. Qc3+ Kf5 44. Qc5+ Bd5 45. Kh2 g5 46. Kg3 Kf6 47. Qb6 Kf5 48. Qc5 Kg6 49. Kg4 Kf6 50. Qf8+ Ke5 51. Kxg5 Kd4 52. Qb4+ Kd3 53. g4 Bc4 54. Kf4 1-0

[Event "EU-ch 11th"]
[Site "Rijeka"]
[Date "2010.03.17"]
[Round "11"]
[White "Kinez, Ivo"]
[Black "Mazi, Leon"]
[Result "0-1"]
[WhiteElo "2138"]
[BlackElo "2375"]
[PlyCount "110"]
[EventDate "2010.03.06"]
[EventType "swiss"]
[EventRounds "11"]
[EventCountry "CRO"]
[SourceTitle "CBM 136"]
[Source "ChessBase"]
[SourceDate "2010.05.18"]
[SourceVersion "1"]
[SourceVersionDate "2010.05.18"]
[SourceQuality "1"]

1. e4 e5 2. Nf3 Nc6 3. Bb5 a6 4. Ba4 Nf6 5. 0-0 Be7 6. Re1 b5 7. Bb3 d6 8. c3 0-0 9. h3 Nb8 10. d4 Nbd7 11. Nbd2 Bb7 12. Bc2 Re8 13. Nf1 Bf8 14. Ng3 g6 15. Bg5 h6 16. Bd2 c5 17. d5 c4 18. Qc1 h5 19. Bh6 Bxh6 20. Qxh6 Nh7 21. Kh1 Qf6 22. Qe3 Nc5 23. Ne2 Kg7 24. b4 cxb3 25. axb3 Rec8 26. Ra2 Qd8 27. b4 Nd7 28. Rea1 Qb6 29. Qxb6 Nxb6 30. Nd2 Rc7 31. f3 h4 32. Nb3 Rf8 33. Na5 Bc8 34. Kg1 f5 35. Bd3 Nf6 36. Nc6 fxe4 37. fxe4 Nfd7 38. Rf1 Re8 39. Rf3 Bb7 40. Na5 Ba8 41. Ra1 Nf6 42. Rf2 Nh5 43. Nb3 Na4 44. Kh2 Rec8 45. Nd2 Kh6 46. Nf1 Bb7 47. Ne3 Nxc3 48. Nxc3 Rxc3 49. Rf7 R8c7 50. Ng4+ Kg5 51. Raf1 Nf4 52. Rf6 Bc8 53. Rxd6 Bxg4 54. hxg4 Rxd3 55. Rxa6 Rc2 0-1

[Event "Zagreb op-B"]
[Site "Zagreb"]
[Date "2009.03.23"]
[Round "3"]
[White "Sribar, Peter"]
[Black "Kinez, Ivo"]
[Result "1/2-1/2"]
[WhiteElo "2194"]
[BlackElo "2102"]
[PlyCount "65"]
[EventDate "2009.03.21"]
[EventType "swiss"]
[EventRounds "9"]
[EventCountry "CRO"]
[SourceTitle "CBM 129 Extra"]
[Source "ChessBase"]
[SourceDate "2009.05.05"]
[SourceVersion "2"]
[SourceVersionDate "2009.05.20"]
[SourceQuality "1"]

1. Nf3 c5 2. c4 Nf6 3. g3 g6 4. Bg2 Nc6 5. 0-0 Bg7 6. d4 cxd4 7. Nxd4 0-0 8. Nc3 Nxd4 9. Qxd4 d6 10. Qh4 Qb6 11. Rb1 Bd7 12. Nd5 Nxd5 13. cxd5 e5 14. dxe6 Bxe6 15. a3 Rac8 16. Be3 Qa6 17. Bd4 Rc4 18. e3 Bxd4 19. exd4 Qb6 20. Rfd1 Rfc8 21. b3 Rc2 22. Be4 Ra2 23. a4 d5 24. Bd3 Rc3 25. Qf4 Kg7 26. h4 h5 27. Rbc1 Qxb3 28. Qe5+ Kh7 29. Bxg6+ Kxg6 30. Qg5+ Kh7 31. Qxh5+ Kg7 32. Qg5+ Kf8 33. Qd8+ 1/2-1/2